| 000 | 00596nam a2200229Ia 4500 | ||
|---|---|---|---|
| 003 | 0100 | ||
| 008 | 130227s9999 xx 000 0 und d | ||
| 020 | _a0415242037 | ||
| 040 | _cARRUPELIB | ||
| 050 | _aQ175.L556 2004 | ||
| 100 | _aLipton, Peter | ||
| 245 | _aInference to the best explanation | ||
| 250 | _a2nd edition | ||
| 260 | _aLondon | ||
| 260 | _bRoutledge | ||
| 260 | _C2004 | ||
| 300 | _axii | ||
| 300 | _b 219p 23cm | ||
| 440 | _aInternational library of philosophy | ||
| 650 | _bCatholic Church -- Doctrinal & controversial works - Catholic authors | ||
| 942 |
_2lcc _010 |
||
| 999 |
_c2512 _d2512 |
||